[Event "7. Team-WM"]
[Site "Bursa TUR"]
[Date "2010.01.09"]
[Round "5"]
[White "Gelfand, Boris"]
[Black "Nakamura, Hikaru"]
[Result "0-1"]
[WhiteElo "2761"]
[BlackElo "2708"]
[PlyCount "66"]
[EventDate "2010.01.05"]
[EventType "team"]
[EventRounds "9"]
[EventCountry "TUR"]

{E97: Königsindisch (Klassisches System)} 1. d4 Nf6 2. c4 g6 3. Nc3 Bg7 4. e4
d6 5. Nf3 O-O 6. Be2 e5 7. O-O Nc6 8. d5 Ne7 9. Nd2 Ne8 10. b4 f5 11. c5 Nf6
12. f3 f4 13. Nc4 g5 14. a4 Ng6 15. Ba3 Rf7 16. b5 dxc5 17. Bxc5 h5 18. a5 g4
19. b6 g3 20. Kh1 Bf8 (20... Nh7 21. d6 Qh4 22. Bg1 Bh3 23. bxc7 Bxg2+ 24. Kxg2
Qh3+ 25. Kxh3 Ng5+ 26. Kg2 Nh4+ {Ftacnik,L (2585)-Cvitan,O (2570)/ 1997/
GER-chT/ 0-1}) (20... axb6 21. axb6 Rxa1 22. Qxa1 Ng4 23. fxg4 hxg4 24. Nd2 Bf8
25. Bg1 Rh7 26. Rc1 Qh4 27. Nb5 f3 28. Bxf3 gxf3 29. Nxf3 Qxe4 30. Ng5 Qe2 31.
Nc3 Rxh2+ 32. Bxh2 Qh5 33. Nf3 Bh3 34. Bxg3 Qg4 35. Nh2 {Lopez Azambuja,
N-Roselli Mailhe,B (2379)/Montevideo 2009/ 1-0}) 21. d6 $146 (21. Bg1 Nh4 22.
Re1 Nxg2 23. Kxg2 Rg7 24. Nxe5 gxh2+ 25. Kh1 Nxe4 {Roussel Roozmon,T (2486)
-Charbonneau,P (2499)/Montreal 2008/ 0-1}) (21. Bg1 $142 $5 Nh4 22. hxg3 (22.
bxa7 $4 Bh3 23. Rf2 gxf2 24. gxh3 Bc5 25. Bxf2 Bxf2 $19) (22. Nxe5 $4 Bh3 23.
Rf2 gxf2 24. gxh3 fxg1=Q+ (24... fxg1=N $6 25. Nxf7 Kxf7 26. Qxg1 $11) 25.
Qxg1+ Rg7 $19) 22... fxg3 23. Qe1 $19 (23. bxa7 Ng4 24. fxg4 Nf5 $19)) 21...
axb6 $11 22. Bg1 Nh4 (22... cxd6 $143 23. Nxb6 Be6 24. Nxa8 Qxa8 25. a6 bxa6
26. Bxa6 $18 (26. Rxa6 Qc8 27. Qc2 Bh3 28. hxg3 fxg3 $17)) 23. Re1 (23. Nxe5 $2
Bh3 24. Bd4 Bxg2+ 25. Kg1 gxh2+ 26. Kxh2 Rg7 27. Qb3+ Kh7 $19) 23... Nxg2 (
23... cxd6 $143 24. Nxb6 Nxg2 25. Kxg2 $18) 24. dxc7 $4 (24. Kxg2 $142 Rg7 25.
dxc7 gxh2+ 26. Kh1 (26. Kxh2 $2 Ng4+ 27. fxg4 Qh4+ 28. Kg2 hxg4 29. Qd5+ Rf7
$19) 26... hxg1=Q+ 27. Rxg1 Qxc7 28. axb6 Rxa1 29. bxc7 Rxd1 30. Bxd1 Rxg1+ 31.
Kxg1 $11) 24... Nxe1 $19 25. Qxe1 (25. Bxb6 Qxd1 26. Rxd1 Bb4 27. Rxe1 Bxc3 $19
) 25... g2+ $1 (25... Qxc7 $6 26. hxg3 Bb4 27. gxf4 bxa5 28. Rc1 exf4 29. Nb6
$17) 26. Kxg2 Rg7+ 27. Kh1 Bh3 28. Bf1 (28. cxd8=B $4 Bg2#) 28... Qd3 $1 29.
Nxe5 (29. Bxd3 Bg2#) (29. -- $140 Qxf3+) 29... Bxf1 30. Qxf1 Qxc3 31. Rc1 (31.
Nd3 Qxc7 (31... bxa5 $6 32. Rc1 Qd2 33. c8=R Rxc8 34. Rxc8 $14) (31... Rxc7 32.
Rc1 Qxd3 33. Qxd3 Rxc1 34. Qb3+ Kg7 35. Qb2 $19) 32. Bxb6 Qf7 $19) 31... Qxe5
32. c8=Q Rxc8 33. Rxc8 Qe6 (33... Qe6 34. Qc4 Qxc4 35. Rxc4 bxa5 $19) 0-1

[Event "52. Turnier"]
[Site "Reggio Emilia"]
[Date "2010.01.06"]
[Round "9"]
[White "Kamsky, Gata"]
[Black "Almasi, Zoltan"]
[Result "1-0"]
[WhiteElo "2695"]
[BlackElo "2704"]
[PlyCount "81"]
[EventDate "2009.12.28"]
[EventCountry "ITA"]

{C78: Spanische Partie (Archangelsk- und Möller-Variante)} 1. e4 e5 2. Nf3 Nc6
3. Bb5 a6 4. Ba4 Nf6 5. O-O b5 6. Bb3 Bc5 7. c3 d6 8. a4 Rb8 9. axb5 axb5 10.
d4 Bb6 11. h3 O-O 12. Re1 h6 (12... Re8 13. Na3 b4 14. Nc4 bxc3 15. bxc3 exd4
16. Nxb6 Rxb6 17. cxd4 Nxe4 18. Bxf7+ Kxf7 19. Rxe4 Rxe4 20. Ng5+ Kg8 21. Nxe4
Bf5 22. Ng5 Ne7 23. g4 Bg6 24. Ne6 Qc8 25. d5 Bf7 26. Nxg7 Kxg7 27. Qd4+ {
Anand,V (2770)-Topalov,V (2740)/Wijk aan Zee 1998/1-0}) 13. Be3 Bd7 $146 (13...
Re8 14. Nbd2 (14. dxe5 Nxe5 15. Nxe5 dxe5 16. Qe2 Bxe3 17. Qxe3 Nh5 18. Nd2 Nf4
19. Nf3 Qf6 20. h4 Bh3 21. g3 Ng2 22. Qe2 Nxe1 23. Nxe1 Red8 24. Nc2 Be6 25.
Bxe6 Qxe6 26. Ne3 c6 27. Nf5 Kh7 28. Kg2 Ra8 {Vajda,L (2454)-Danilov,V (2343)/
Baile Tusnad 2001/0-1}) 14... Qe7 15. Bd5 Nd8 16. dxe5 dxe5 17. b4 Bxe3 18.
Rxe3 Nxd5 19. exd5 f6 20. Qb3 Nf7 21. Nd4 Bb7 22. Nxb5 Rbd8 23. c4 {Janev,E 
(2488)-Danilov,V (2409)/Sunny Beach 2007/ 1/2-1/2}) (13... Nxe4 $2 14. Bd5 Nxf2
15. Bxf2 $18) 14. Nbd2 Re8 15. Qb1 b4 16. Qc2 Na5 17. Rxa5 Bxa5 18. dxe5 dxe5
19. Nc4 Rb5 20. Ba4 b3 21. Qd1 Qb8 22. Nfd2 (22. Nxa5 $2 Rxa5 23. Bxb3 Bc6 $19)
22... Be6 23. Qa1 Rc8 $2 (23... Bxc4 24. Nxc4 Nxe4 25. Rd1 Bxc3 26. bxc3 $11)
24. Ba7 (24. Bxb5 $5 Qxb5 25. Qxa5 (25. Nxa5 $6 Ra8 $11) 25... Bxc4 26. Qxb5
Bxb5 27. Ra1 $16) 24... Qxa7 25. Bxb5 Bb6 $2 (25... Ra8 26. Qa4 Bb6 27. Qxa7
Rxa7 $14 (27... Bxa7 $2 28. Nxe5 Rd8 29. Ndf3 $18)) 26. Qxa7 $18 Bxa7 27. Nxe5
Rd8 28. Ndf3 Bb6 29. Bc4 Re8 30. Nd2 Bc5 (30... Rd8 31. Nef3 $18) 31. Bxe6 (31.
Nxb3 $6 Bxc4 32. Nxc4 Rxe4 33. Rxe4 Nxe4 34. Nxc5 Nxc5 $18) 31... Rxe6 32. Nec4
Bf8 33. e5 Nd5 34. Nxb3 Nf4 35. h4 Ra6 36. Ra1 Rc6 37. Ra4 Nd3 38. Nd4 Rc5 39.
e6 Be7 $2 (39... fxe6 40. Nxe6 Rc6 41. Nxf8 Kxf8 $18) 40. Ra8+ Kh7 41. Re8 (41.
Re8 Rxc4 42. Rxe7 fxe6 43. Nxe6 $18) 1-0